Sefer Shaʻar Gan ʻEden. (Record no. 33367)

MARC details
000 -LEADER
fixed length control field 00798cam a22002771 4500
001 - CONTROL NUMBER
control field he 68001673
003 - CONTROL NUMBER IDENTIFIER
control field DLC
005 - DATE AND TIME OF LATEST TRANSACTION
control field 20260227111459.0
008 - FIXED-LENGTH DATA ELEMENTS--GENERAL INFORMATION
fixed length control field 840613r19671880is 000 0 heb
010 ## - LIBRARY OF CONGRESS CONTROL NUMBER
LC control number he 68001673
035 ## - SYSTEM CONTROL NUMBER
System control number (OCoLC)19164946
040 ## - CATALOGING SOURCE
Original cataloging agency DLC
Transcribing agency MH
Modifying agency CU
-- DLC
042 ## - AUTHENTICATION CODE
Authentication code premarc
050 00 - LIBRARY OF CONGRESS CALL NUMBER
Classification number BM525
Item number .L5 1967
100 1# - MAIN ENTRY--PERSONAL NAME
Personal name Lipschuetz, Jacob Koppel,
Dates associated with a name -1740.
245 10 - TITLE STATEMENT
Title Sefer Shaʻar Gan ʻEden.
260 ## - PUBLICATION, DISTRIBUTION, ETC.
Place of publication, distribution, etc. Jerusalem :
Name of publisher, distributor, etc. Meḳor ḥayim,
Date of publication, distribution, etc. 727 [1967]
300 ## - PHYSICAL DESCRIPTION
Extent 111 leaves ;
Dimensions 25 cm.
500 ## - GENERAL NOTE
General note Running title: Shaʻare gan ha-ʻeden.
500 ## - GENERAL NOTE
General note Reprint of Cracow, 1880 ed.
650 #0 - SUBJECT ADDED ENTRY--TOPICAL TERM
Topical term or geographic name entry element Cabala.
700 1# - ADDED ENTRY--PERSONAL NAME
Personal name Luria, Isaac ben Solomon,
Dates associated with a name 1534-1572.
740 0# - ADDED ENTRY--UNCONTROLLED RELATED/ANALYTICAL TITLE
Uncontrolled related/analytical title Shaʻar gan ha-ʻeden.
752 ## - ADDED ENTRY--HIERARCHICAL PLACE NAME
Country or larger entity Poland
City Kraków
752 ## - ADDED ENTRY--HIERARCHICAL PLACE NAME
Country or larger entity Israel
City Jerusalem

No items available.

Powered by Koha